Города Тывы - Statistics

General Stats
  • This quiz has been taken 36 times
  • The average score is 3 of 5
Answer Stats
Население Город % Correct
130 042 Кызыл
100%
12 456 Ак-Довурак
60%
11 772 Шагонар
48%
5044 Туран
48%
9732 Чадан
36%
No matching quizzes found
Score Distribution
Percent of People with Each Score
Percentile by Number Answered
Your Score History
You have not taken this quiz